Countries Closest to Oman - 15 Second Sprint - Statistics

General Stats
  • This quiz has been taken 32 times
  • The average score is 7 of 20
Answer Stats
km Country miles % Correct
0 Yemen 0
93%
0 Saudi Arabia 0
89%
0 United Arab Emirates 0
79%
423 Qatar 263
68%
806 Kuwait 501
50%
509 Bahrain 316
46%
51 Iran 32
39%
855 Iraq 531
39%
1147 Djibouti 713
32%
1152 Eritrea 716
25%
571 Somalia 355
25%
1236 Ethiopia 768
21%
342 Pakistan 212
21%
868 India 539
18%
1420 Sudan 882
14%
576 Afghanistan 358
7%
1119 Turkmenistan 696
4%
1514 Azerbaijan 941
0%
1602 Tajikistan 995
0%
1543 Uzbekistan 959
0%
No matching quizzes found
Score Distribution
Percent of People with Each Score
Percentile by Number Answered
Your Score History
You have not taken this quiz